Quizzes
Events
Quiz Creation
Community
Videos
Private Events
Remove Ads
Sign In
Join for FREE
Feedback
Dark Mode
Quiz Categories
Sports
Geography
Music
Movies
Television
Just For Fun
Miscellaneous
History
Literature
Language
Science
Gaming
Entertainment
Religion
Holiday
For Kids
Quiz Lab
Recent
Popular Today
Quiz Kudos Today
Editor Picks
Curator Picks
Quizzes by...
Day
Popularity
Type
Ratings
Length
Year
Community
Subscriptions
Recent Discussions
Orange Saloon
Badges
Playlists
Quests
Create
Leaderboards
Showdown
Live 5
Trivia Bingo
Activity
Puzzle Library
Sporcle Events
Private Events
Virtual Trivia
Globe League
Become a Host
Pub Owners
SporcleCon
Opinionation
Our Games
Videos
Blog
Mobile Apps
Partnerships
Remove Ads and Go Orange
Feedback
Sports
Athletes
MLB
NBA
NHL
NFL
Soccer
Sports Teams
WWE
NCAA
Football
Premier League
Basketball
Baseball
Hockey
Golf
Tennis
Cricket
Rugby
Auto Racing
Olympics
World Cup
Sports
Athletes
MLB
NBA
NHL
NFL
Soccer
Sports Teams
WWE
NCAA
Football
Premier League
Basketball
Baseball
Hockey
Golf
Tennis
Cricket
Rugby
Auto Racing
Olympics
World Cup
Random Quiz
Search Sporcle
×
Quiz Lab
Quiz Lab
Sports
Football
Type in answers that appear in a list
Type in answers that appear in a list
Classic
Best Score? Go Orange.
Northampton Town FC 2013-14 Stats
Can you name all the players Northampton Town FC used or didn't use in the 2013-14 season.
By
jdizzle88
10m
50 Questions
91 Plays
91 Plays
91 Plays
Comments
Comments
Give Quiz Kudos
Give Quiz Kudos
-
- Ratings
hide this ad
Replay
Link that replays current quiz
Next Quiz
Link to next quiz in quiz playlist
You Got
0%
They Got
Avg Score
40%
Avg Friend Score
Upgrade to see
Score Distribution
Jump to the score distribution portion of the page
Score
0/50
Timer
10:00
0
Plays Today
Position
Player
% Correct
GK
Matt Duke
83.5%
FWD
Ivan Toney
71.4%
DEF
Ben Tozer
69.2%
MID
Darren Carter
67%
GK
Dean Snedker
64.8%
MID
Chris Hackett
63.7%
DEF
Kelvin Langmead
62.6%
MID
Ian Morris
60.4%
DEF
Lee Collins
59.3%
MID
Alex Nicholls
57.1%
FWD
Clive Platt
57.1%
MID
Ricky Ravenhill
51.6%
DEF
Zander Diamond
50.5%
MID
Lewis Hornby
49.5%
FWD
Emile Sinclair
49.5%
DEF
Evan Horwood
48.4%
FWD
John Marquis
48.4%
FWD
David Moyo
47.3%
DEF
Mathias Doumbe
46.2%
DEF
Joe Widdowson
46.2%
DEF
Connor Roberts
45.1%
DEF
Gregor Robertson
41.8%
FWD
Luke Norris
41.8%
DEF
Kevin Amankwaah
40.7%
FWD
Roy O'Donovan
40.7%
Position
Player
% Correct
MID
Ishmel Demontagnac
39.6%
MID
Gary Deegan
38.5%
DEF
Leon McSweeney
37.4%
FWD
Jacob Blyth
37.4%
MID
Stuart Dallas
35.2%
FWD
Alan Connell
35.2%
DEF
Matt Heath
31.9%
GK
Ben Heath
30.8%
FWD
Antonio German
29.7%
DEF
Paul Reid
27.5%
FWD
Izale McLeod
27.5%
FWD
Hallam Hope
27.5%
DEF???
Kashif Siddiqi
26.4%
MID
Danny Emerton
26.4%
FWD
JJ Hooper
26.4%
FWD
Claudio Dias
25.3%
GK
Ben McNamara
23.1%
MID
Kane Ferdinand
23.1%
MID
Matty Harriott
19.8%
DEF
Sean McGinty
18.7%
MID
Ben Dickenson
17.6%
MID
Matty Blair
16.5%
DEF
David Artell
15.4%
FWD
Cristian Lopez
14.3%
DEF
James Hurst
12.1%
Quiz Playlist
Details
Report
Send in Message
Add To Playlist
Classic:
Type in answers that appear in a list
Last Updated: Feb 16, 2017
Quiz Scoreboard
CHALLENGE
Sign Up to Join the Scoreboard
Show All
Scores
Hide
Comments
May contain spoilers
Recently Published
Movies - When Are They Set?
by FPL_Elf
Movies
5m
Popular People in 1961
by mucciniale
History
6m
1-10 Letter E Words III
by El_Dandy
Language
2m
More to Explore
Quiz From the Vault
Featured Blog Post
Where Did the Easter Bunny Come From?
hide this ad
You Might Also Like...
Tags
Football Quiz
Beast Mode
Great Escape
League 2
Northamptonshire
Today's Top Quizzes in Sports
Browse Sports
hide this ad
Today's Top Quizzes in Football
Browse Football
Top Contributed Quizzes in Sports
1
Les meilleurs buteurs des matchs entre le PSG et l’OM
2
2022 World Cup Stars
3
FIFA Club World Cup Champions
4
Les entraîneurs de l'OM et du PSG au 21e siècle
5
Name the Premier League winners with different clubs
6
La finale Lions - Afrique du Sud 2021
7
Criteria MLB: Left Handed Sluggers
8
Les joueurs passés par le LOSC et le RC Lens
9
Players with Multiple 50 Home Run Seasons
10
MLB Players with Two .350 Batting Average Seasons
Explore More
Trending Topics
Kpop
NBA
Harry Potter
Disney
Marvel
Anime
Crossword
Soccer
NFL
Pokémon
Country
Puzzle
The Office
WWE
Song
hide this ad
More By:
jdizzle88
Quiz
Plays
Rating
Category
Featured
Created
Northampton Town FC Promotion Team 2006
142
Sports
Jun 20, 2011
Northampton Town FC 2013-14
91
Sports
May 12, 2014
Go to Creator's Profile
Score Distribution
Quiz Creator Spotlight
jdizzle88
Follow
Send a Message
Quizzes Created
-
Created Quiz Play Count
-
More By This Creator
Popular Quizzes Today
1
Find the Countries of Europe - No Outlines Minefield
2
Find the US States - No Outlines Minefield
3
The Countries of the World
4
Popular People in 1961
5
US States
6
1-10 Letter E Words III
7
Find the US States
8
One Thing in Common: World Cities II
More Sports Quizzes
2016 NBA Champions - Cleveland Cavaliers
Curator's Pick
Trending Quizzes
Risky Map Clicking: Least Populous States A-Z
1-10 Letter F Words
1-10 Letter G Words
One Thing in Common: United Kingdom
Risky Map Clicking: Next State Alphabetically
Recently Updated
Leaping Animals
pecheneg
Reality TV Shows (A-Z)
bhenderson79
Rickey Henderson's Hall of Fame Teammates
pecheneg
Champions League XIs: Arsenal
pecheneg
Quick Pick: Celebrities in WWE's Hall of Fame
aduchscher
A-Z Keypad Blitz II
pecheneg
Multiple Oscar Actors
pecheneg
Mystery Phrase Blitz: Oscar 'Best Actors'
pecheneg
F. Scott Fitzgerald Novels
LTH
Pick 3 Villains
ddd62291
Trending Topics
Kpop
Harry Potter
Crossword
NBA
Marvel
Anime
Disney
Pokémon
Song
The Office
Soccer
WWE
Country
NFL
Puzzle
Your Account Isn't Verified!
In order to create a playlist on Sporcle, you need to verify the email address you used during registration. Go to your
Sporcle Settings
to finish the process.
Report this User
Report this user for behavior that violates our
Community Guidelines
.
Details:
Send Report
Go to the Sporcle.com Mobile Site →
Comments